| 000 | 01140nam a2200313 i 4500 | ||
|---|---|---|---|
| 003 | EG-GICUC | ||
| 005 | 20260428093140.0 | ||
| 008 | 260428s1957 fr ad |fr|||| 000 0 fre d | ||
| 040 |
_aEG-GiCUC _bfre _cEG-GiCUC _dEG-GiCUC _eRda |
||
| 041 | 0 | _afre | |
| 082 | 0 | 4 |
_221 _a343.123042 _bLE . R |
| 092 | 0 | 4 | _221 |
| 099 | _aLaw1 10 343.123042 LE . R 1957 | ||
| 100 | 0 |
_aLévy, Denis _eAuteur |
|
| 245 | 1 | 3 |
_aLa Responsabilité De La Puissance Publique Et De Ses Agents En Angleterre / _cPar Denis Lévy; Préface De M. Charles Eisenmann. |
| 264 | 1 |
_aParis : _bLibrairie Générale De Droit Et De Jurisprudence, _c1957. |
|
| 300 |
_a432 page : _billustration, _c 24 cm. |
||
| 336 |
_2rda contenu _a texte |
||
| 337 |
_2rda medias _aOrdinateur |
||
| 338 |
_2 transporteur rda _a Ressource en ligne |
||
| 490 |
_aBibliotheque De Droit Public _vTome V |
||
| 504 | _aComprend des références bibliographiques. | ||
| 546 | _aTexte en français | ||
| 650 | 1 | 4 | _aDroit pénal |
| 700 | 1 |
_aEisenmann, M. Charles _ePréfacier |
|
| 856 | 4 | 0 | _uhttps://fll.law.cu.edu.eg/fulltext/bks/B10-11900.pdf |
| 905 | _a48 | ||
| 942 |
_2ddc _cBK _e21 _n0 |
||
| 999 |
_c73782 _d73782 |
||